MARC

LEADER 00000nam0a2200000 4500
001 305341
005 20231102001806.0
035 |a (RuTPU)RU\TPU\book\330609 
090 |a 305341 
100 |a 20150925d1973 m y0rusy50 ca 
101 0 |a rus 
102 |a RU 
105 |a y j 000zy 
200 1 |a Общая химия  |e программированное учебное пособие  |f Северо-Западный заочный политехнический институт (СЗПИ) ; под ред. Я. М. Слободина 
210 |a Ленинград  |c Изд-во СЗПИ  |d 1973 
215 |a 403 с. 
606 1 |a Химия  |x Задачи  |x Решение на вычислительных машинах  |2 stltpush  |3 (RuTPU)RU\TPU\subj\70584  |9 84803 
610 1 |a термохимия 
610 1 |a химическая кинетика 
610 1 |a химическое равновесие 
610 1 |a растворы 
610 1 |a неэлектролиты 
610 1 |a электролитическая диссоциация 
610 1 |a ионные процессы 
610 1 |a ионные уравнения 
610 1 |a электрохимия 
610 1 |a атомное строение 
610 1 |a периодический закон Менделеева 
610 1 |a химическая связь 
610 1 |a комплексные соединения 
610 1 |a лабораторные работы 
675 |a 54:004(076)  |v 4 
702 1 |a Слободин  |b Я. М.  |4 340 
712 0 2 |a Северо-Западный заочный политехнический институт (СЗПИ)  |c (Ленинград)  |2 stltpush  |3 (RuTPU)RU\TPU\col\2602 
801 1 |a RU  |b 63413507  |c 20150925 
801 2 |a RU  |b 63413507  |c 20170120  |g RCR 
942 |c BK